000 00669nam a2200253Ia 4500
003 OSt
005 20220912151408.0
006 a|||||r|||| 00| 0
007 ta
008 220909b |||||||| |||| 00| 0 eng d
024 _a35957
037 _cTextual
040 _aCSL
_beng
_cCSL
041 _aeng
082 _aCN1z7, L7
100 _aDrechsler W
245 0 _aFibre bundle techniques in gauge theories
260 _aBerlin
_bSpringer Verlag
_c1977
300 _aix, 102p.
_ccm.
490 _aLecture notes in physics; 67
700 _a Mayer M E
942 _hCN1z7, L7
_cTEXL
_2CC
999 _c67514
_d67514